Normal view
MARC view
- الأمن الغذائي -الاكتفاء الذاتي(سياسة اقتصادية)- البلاد العربية
Entry Topical Term
001 - CONTROL NUMBER
- control field: 36122
003 - CONTROL NUMBER IDENTIFIER
- control field: JO-AjAnu
005 - DATE AND TIME OF LATEST TRANSACTION
- control field: 20230606080032.0
008 - FIXED-LENGTH DATA ELEMENTS
- fixed length control field: 230606|| aca||aabn | a|a d
040 ## - CATALOGING SOURCE
- Original cataloging agency: JO-AjAnu
- Transcribing agency: JO-AjAnu
150 ## - HEADING--TOPICAL TERM
- Topical term or geographic name entry element: الأمن الغذائي -الاكتفاء الذاتي(سياسة اقتصادية)- البلاد العربية
670 ## - SOURCE DATA FOUND
- Source citation: Work cat.: (JO-AjAnu)18546: فراح، عز الدين, author 36121, التنمية الاقتصادية والاجتماعية في الوطن العربي وتحقيق الامن الغذائي والاكتفاء الذاتي